[Event "ISR-chT U18"]
[Site "Beer Yaakov"]
[Date "2022.08.16"]
[Round "6.4"]
[White "Ben Gera, Omer"]
[Black "Gavriel, Adam"]
[Result "1-0"]
[WhiteElo "1479"]
[BlackElo "1448"]
[PlyCount "83"]
[EventDate "2022.08.14"]
[EventType "team-swiss"]
[EventRounds "7"]
[EventCountry "ISR"]
[SourceTitle "CBM 209 Extra"]
[Source "ChessBase"]
[SourceDate "2022.09.30"]
[SourceVersion "1"]
[SourceVersionDate "2022.09.30"]
[SourceQuality "1"]

1. e4 c5 2. Nf3 e6 3. d4 cxd4 4. Nxd4 a6 5. Nc3 Qc7 6. Be2 Nf6 7. 0-0 d6 8. Kh1 b5 9. a3 Bb7 10. Qd3 Nbd7 11. b4 Rc8 12. Bb2 Ne5 13. Qe3 g6 14. a4 bxa4 15. Rxa4 Bg7 16. f4 Nc4 17. Bxc4 Qxc4 18. Rd1 Ng4 19. Qd2 e5 20. b5 Qc7 21. bxa6 exd4 22. axb7 Qxb7 23. Ba3 dxc3 24. Qe2 Qd7 25. Ra6 0-0 26. Rdxd6 Rb8 27. Rxd7 Rb1+ 28. Rd1 Rxd1+ 29. Qxd1 Nf2+ 30. Kg1 Nxd1 31. Bxf8 Kxf8 32. e5 Ke7 33. g3 f6 34. Ra7+ Kf8 35. e6 f5 36. Rf7+ Kg8 37. Rd7 Kf8 38. Rxd1 Ke7 39. Rd7+ Kf8 40. Kf2 h6 41. Ke3 Bf6 42. Rf7+ 1-0